000 00196 a2200097 4500
020 _a9788448102
041 _aspa
100 _aKindersley, dorling
245 _aQue tienen dentro bebes
942 _cBK
999 _c5745
_d5745